Mother's Day mess / (Record no. 3336)

MARC details
000 -LEADER
fixed length control field 00920cam a2200301 a 4500
005 - DATE AND TIME OF LATEST TRANSACTION
control field 20250516092245.0
020 ## - INTERNATIONAL STANDARD BOOK NUMBER
International Standard Book Number 9780823417810
040 ## - CATALOGING SOURCE
Original cataloging agency DLC
Transcribing agency DLC
Modifying agency DLC
Language of cataloging eng
050 00 - LIBRARY OF CONGRESS CALL NUMBER
Classification number PZ7.R88525
Item number 2003
082 00 - DEWEY DECIMAL CLASSIFICATION NUMBER
Classification number 514
100 1# - MAIN ENTRY--PERSONAL NAME
Personal name Ruelle, Karen Gray
245 10 - TITLE STATEMENT
Title Mother's Day mess /
Statement of responsibility, etc. Karen Gray Ruelle
250 ## - EDITION STATEMENT
Edition statement First edition
260 ## - PUBLICATION, DISTRIBUTION, ETC.
Place of publication, distribution, etc. New York :
Name of publisher, distributor, etc. Holiday House,
Date of publication, distribution, etc. 2003
300 ## - PHYSICAL DESCRIPTION
Extent 32 pages :
Other physical details color illustrations ;
Dimensions 24 cm.
490 ## - SERIES STATEMENT
Series statement A Harry & Emily Adventure
505 ## - FORMATTED CONTENTS NOTE
Formatted contents note J <br/>
520 ## - SUMMARY, ETC.
Summary, etc. Harry and Emily's plans to give their mother a perfect Mother's Day run into some unexpected difficulties.
521 ## - TARGET AUDIENCE NOTE
Target audience note 460 <br/>
Source Lexile <br/>
521 ## - TARGET AUDIENCE NOTE
Target audience note J <br/>
Source Raz-Plus <br/>
650 #1 - SUBJECT ADDED ENTRY--TOPICAL TERM
Topical term or geographic name entry element Mother's Day
Form subdivision Fiction
650 #1 - SUBJECT ADDED ENTRY--TOPICAL TERM
Topical term or geographic name entry element Siblings
Form subdivision Fiction
650 #1 - SUBJECT ADDED ENTRY--TOPICAL TERM
Topical term or geographic name entry element Cats
Form subdivision Fiction
650 #1 - SUBJECT ADDED ENTRY--TOPICAL TERM
Topical term or geographic name entry element Humorous stories
906 ## - LOCAL DATA ELEMENT F, LDF (RLIN)
a 7
b cbc
c orignew
d 1
e ocip
f 20
g y-gencatlg
942 ## - ADDED ENTRY ELEMENTS (KOHA)
Source of classification or shelving scheme Dewey Decimal Classification
Koha item type Books
Suppress in OPAC No
999 ## -
-- 3336
-- 3336
Holdings
Withdrawn status Lost status Source of classification or shelving scheme Damaged status Not for loan Collection Home library Current library Shelving location Date acquired Total Checkouts Full call number Barcode Date last seen Copy number Price effective from Koha item type
    Dewey Decimal Classification     Juvenile Fiction Footprints International School Library Network Toul Kork Campus Footprints International School Library Network Toul Kork Campus TK Primary Library Room(4th Floor), Bookcase 1&2, Shelves 1-16, Dark Blue Books 05/16/2025   RUE 514 PZ7.R88525 FISTK01714 05/16/2025 2 05/16/2025 Books
    Dewey Decimal Classification     Juvenile Fiction Footprints International School Library Network Toul Tom Poung Campus Footprints International School Library Network Toul Tom Poung Campus TTP Primary Dark Blue Bookshelves 02/28/2024   RUE 514 PZ7.R88525 FIS03100 02/28/2024 1 02/28/2024 Books